[Event "Chigorin Memorial 25th"]
[Site "St Petersburg"]
[Date "2017.10.29"]
[Round "9"]
[White "Vorobyova, Valeriya"]
[Black "Bondarenko, Ivan"]
[Result "1/2-1/2"]
[WhiteElo "1945"]
[BlackElo "2131"]
[PlyCount "165"]
[EventDate "2017.10.21"]
[EventType "swiss"]
[EventRounds "9"]
[EventCountry "RUS"]
[SourceTitle "CBM 181 Extra"]
[Source "ChessBase"]
[SourceDate "2017.12.12"]
[SourceVersion "1"]
[SourceVersionDate "2017.12.12"]
[SourceQuality "1"]

1. e4 c5 2. Nf3 e6 3. d4 cxd4 4. Nxd4 Nc6 5. Nc3 d6 6. Be2 Nf6 7. 0-0 Be7 8. Kh1 0-0 9. Be3 Bd7 10. Ndb5 Qb8 11. Bf4 Ne5 12. Bg3 a6 13. Nd4 Qc7 14. Nb3 b5 15. a3 Rfd8 16. Bxe5 dxe5 17. Bd3 Ne8 18. Qe2 Nd6 19. Rfd1 Rdc8 20. Nd2 Rab8 21. Na2 a5 22. b3 b4 23. a4 Nb7 24. Bc4 Ra8 25. Nc1 Nd8 26. Nf3 Nc6 27. Nd3 Rd8 28. Nb2 Bc5 29. Bd3 Bd4 30. Rab1 Bxb2 31. Rxb2 Nd4 32. Nxd4 exd4 33. Rbb1 e5 34. Rbc1 Bc8 35. Bc4 g6 36. f4 Ra7 37. fxe5 Qxe5 38. Rf1 Re7 39. Qf3 Be6 40. Bd3 Kg7 41. h3 Rc8 42. Rcd1 Rd7 43. Rf2 Re7 44. Rdf1 Rc6 45. Kg1 Bc8 46. Qe2 f6 47. Bb5 Rd6 48. Bd3 Ra7 49. Rc1 Ba6 50. Kh1 Rc6 51. Rcf1 Bxd3 52. Qxd3 Re7 53. Rf4 Ree6 54. Qd2 Rc3 55. Re1 Rec6 56. Rc1 Rxc2 57. Rxc2 Rxc2 58. Qxc2 Qxf4 59. Qc6 Qf1+ 60. Kh2 d3 61. Qd7+ Kh6 62. Qd6 f5 63. exf5 Qxf5 64. Qd4 g5 65. Qd6+ Kg7 66. Qe7+ Kg6 67. Qd6+ Kf7 68. Qc7+ Ke8 69. Qb8+ Ke7 70. Qc7+ Qd7 71. Qe5+ Kd8 72. Qxg5+ Kc8 73. Qg8+ Kb7 74. Qf8 d2 75. Qf3+ Qc6 76. Qd3 Qc1 77. Qd5+ Kc7 78. Qe5+ Kc6 79. Qe6+ Kc7 80. Qe5+ Kc8 81. Qe6+ Kb8 82. Qb6+ Kc8 83. Qe6+ 1/2-1/2

[Event "Pardubice Czech op-B 28th"]
[Site "Pardubice"]
[Date "2017.07.22"]
[Round "2"]
[White "Zasko, Grigory"]
[Black "Vorobyova, Valeriya"]
[Result "1/2-1/2"]
[WhiteElo "2084"]
[BlackElo "1958"]
[PlyCount "94"]
[EventDate "2017.07.21"]
[EventType "swiss"]
[EventRounds "9"]
[EventCountry "CZE"]
[SourceTitle "CBM 179 Extra"]
[Source "ChessBase"]
[SourceDate "2017.08.23"]
[SourceVersion "1"]
[SourceVersionDate "2017.08.23"]
[SourceQuality "1"]

1. Nf3 Nf6 2. g3 g6 3. Bg2 d5 4. 0-0 Bg7 5. d4 0-0 6. c4 c6 7. Qa4 Nbd7 8. cxd5 cxd5 9. Nc3 Nb6 10. Qa3 Bf5 11. Ne5 Ng4 12. Nxd5 Nxd5 13. e4 Bxe4 14. Bxe4 Ngf6 15. Bg2 e6 16. Bg5 h6 17. Bxf6 Bxf6 18. Qb3 Ne7 19. Rfd1 Rb8 20. Qa4 Bxe5 21. dxe5 Qb6 22. Rd2 Nf5 23. g4 Nh4 24. Qf4 Nxg2 25. Kxg2 Rbd8 26. Rad1 Rxd2 27. Rxd2 Qa5 28. b3 Rd8 29. b4 Qc7 30. Rd6 Rxd6 31. exd6 Qc6+ 32. Kg3 Qd5 33. Qxh6 Qxd6+ 34. Qf4 Qd3+ 35. f3 Qb1 36. Qd2 Qa1 37. Kf4 Qf6+ 38. Ke4 Qe7 39. Qd4 b6 40. a3 Qb7+ 41. Kf4 Qc7+ 42. Kg5 Qxh2 43. f4 Qh3 44. Qd8+ Kg7 45. Qf6+ Kf8 46. Qd8+ Kg7 47. Qf6+ Kf8 1/2-1/2

[Event "Chigorin Memorial 24th"]
[Site "St Petersburg"]
[Date "2016.10.23"]
[Round "9"]
[White "Ivanov, Sergei V"]
[Black "Vorobyova, Valeriya"]
[Result "0-1"]
[WhiteElo "2093"]
[BlackElo "1830"]
[PlyCount "150"]
[EventDate "2016.10.15"]
[EventType "swiss"]
[EventRounds "9"]
[EventCountry "RUS"]
[SourceTitle "CBM 175 Extra"]
[Source "ChessBase"]
[SourceDate "2016.12.12"]
[SourceVersion "1"]
[SourceVersionDate "2016.12.12"]
[SourceQuality "1"]

1. e4 c5 2. Nf3 Nc6 3. d4 cxd4 4. Nxd4 Nf6 5. Nc3 d6 6. Bg5 e6 7. Bb5 Bd7 8. Bxc6 Bxc6 9. Qf3 h6 10. Nxc6 bxc6 11. e5 hxg5 12. exf6 d5 13. fxg7 Bxg7 14. 0-0 Be5 15. g3 Qf6 16. Qxf6 Bxf6 17. Na4 Ke7 18. Rad1 Rac8 19. Nc5 Bxb2 20. Rb1 Rb8 21. Nd3 Bc3 22. Nc5 Bd4 23. Nb3 Bb6 24. Rb2 Rh6 25. Kg2 Rbh8 26. Rh1 g4 27. a4 f5 28. a5 Bc7 29. Nd4 Kd6 30. Rb7 Bxa5 31. Rxa7 Bb6 32. Ra4 Bxd4 33. Rxd4 e5 34. Ra4 Kc5 35. Ra7 Kc4 36. Re7 e4 37. Re5 Rh5 38. h4 gxh3+ 39. Kh2 Kc3 40. Re6 R8h6 41. Re7 Kxc2 42. Ra7 Rh8 43. Ra5 R5h6 44. Rc5+ Kd2 45. Rhc1 d4 46. Ra1 e3 47. Ra2+ Kd3 48. fxe3 dxe3 49. Rxf5 Rd8 50. Re5 Kd4 51. Re7 Rf8 52. Ra4+ Kc5 53. Rxe3 Rf2+ 54. Kh1 h2 55. Ra1 Kd4 56. Ree1 Rd2 57. Ra4+ Kd5 58. Rc1 c5 59. Rac4 Rd1+ 60. Rxd1+ Kxc4 61. Rc1+ Kd4 62. Rd1+ Ke4 63. Re1+ Kd5 64. Rd1+ Kc6 65. Rc1 Rh3 66. g4 Rh4 67. Rc4 Kd5 68. Rf4 c4 69. Rf5+ Kd4 70. g5 c3 71. Rf7 Rg4 72. Rd7+ Ke3 73. Re7+ Kd3 74. Rd7+ Rd4 75. Rc7 c2 0-1

[Event "Heart of Finland op 25th"]
[Site "Jyvaskyla"]
[Date "2015.07.14"]
[Round "3"]
[White "Kiik, Kalle"]
[Black "Vorobyova, Valeriya"]
[Result "1-0"]
[WhiteElo "2374"]
[BlackElo "1835"]
[PlyCount "63"]
[EventDate "2015.07.13"]
[EventType "swiss"]
[EventRounds "9"]
[EventCountry "FIN"]
[SourceTitle "CBM 167 Extra"]
[Source "ChessBase"]
[SourceDate "2015.09.14"]
[SourceVersion "1"]
[SourceVersionDate "2015.09.14"]
[SourceQuality "1"]

1. Nf3 Nf6 2. g3 g6 3. b3 Bg7 4. Bb2 0-0 5. Bg2 d5 6. 0-0 Nbd7 7. c4 e6 8. d3 b6 9. Nbd2 Bb7 10. e3 Nc5 11. Ba3 Re8 12. Bxc5 bxc5 13. Qe2 c6 14. Rac1 Rc8 15. e4 Nd7 16. e5 f6 17. exf6 Qxf6 18. Rce1 Nb8 19. Ne5 Na6 20. f4 Nb4 21. Ndf3 Rcd8 22. a3 Na6 23. h4 Nc7 24. Qf2 Qf8 25. Bh3 d4 26. Bg4 Re7 27. h5 gxh5 28. Bxh5 Qf6 29. Ng5 Rf8 30. Qh2 Bh6 31. Ng4 Qg7 32. Bf7+ 1-0

[Event "Chigorin Memorial 22nd"]
[Site "St Petersburg"]
[Date "2014.10.25"]
[Round "8"]
[White "Bezhenar, Georgy"]
[Black "Vorobyova, Valeriya"]
[Result "0-1"]
[WhiteElo "1969"]
[BlackElo "1742"]
[PlyCount "54"]
[EventDate "2014.10.18"]
[EventType "swiss"]
[EventRounds "9"]
[EventCountry "RUS"]
[SourceTitle "EXT 2015"]
[Source "ChessBase"]
[SourceDate "2014.11.20"]
[SourceVersion "1"]
[SourceVersionDate "2014.11.20"]
[SourceQuality "1"]

1. d4 Nf6 2. Nf3 g6 3. Bf4 Bg7 4. e3 0-0 5. h3 c5 6. c3 Qb6 7. Qb3 d5 8. Nbd2 Nc6 9. Be2 c4 10. Qxb6 axb6 11. 0-0 b5 12. a3 h6 13. Ne1 g5 14. Bh2 Bf5 15. g4 Bg6 16. Ng2 Rfe8 17. f4 gxf4 18. exf4 Ne4 19. Nf3 e6 20. Nfh4 Nd2 21. Rfe1 Nb3 22. Ra2 Be4 23. Bd1 b4 24. Bxb3 cxb3 25. Raa1 bxc3 26. bxc3 b2 27. Rab1 Bxb1 0-1

[Event "Chigorin Memorial 22nd"]
[Site "St Petersburg"]
[Date "2014.10.24"]
[Round "7"]
[White "Vorobyova, Valeriya"]
[Black "Gutkind, Kedem"]
[Result "0-1"]
[WhiteElo "1742"]
[BlackElo "1993"]
[PlyCount "52"]
[EventDate "2014.10.18"]
[EventType "swiss"]
[EventRounds "9"]
[EventCountry "RUS"]
[SourceTitle "EXT 2015"]
[Source "ChessBase"]
[SourceDate "2014.11.20"]
[SourceVersion "1"]
[SourceVersionDate "2014.11.20"]
[SourceQuality "1"]

1. e4 e6 2. d4 d5 3. Nc3 Nf6 4. Bg5 Be7 5. e5 Nfd7 6. h4 a6 7. Qg4 Bxg5 8. hxg5 c5 9. g6 f5 10. Qf4 h6 11. Nf3 Nc6 12. dxc5 0-0 13. 0-0-0 Nxc5 14. Be2 Ne4 15. Rdf1 Qe7 16. Rh2 Bd7 17. g4 fxg4 18. Qxg4 Nxc3 19. bxc3 Qa3+ 20. Kd2 Rac8 21. c4 dxc4 22. Bxc4 Rxf3 23. Bxe6+ Kf8 24. Rh3 Nxe5 25. Rxf3+ Nxf3+ 26. Kd1 Bxe6 0-1

[Event "Chigorin Memorial 22nd"]
[Site "St Petersburg"]
[Date "2014.10.18"]
[Round "1"]
[White "Vorobyova, Valeriya"]
[Black "Kosarev, Aleksey"]
[Result "0-1"]
[WhiteElo "1742"]
[BlackElo "2237"]
[PlyCount "48"]
[EventDate "2014.10.18"]
[EventType "swiss"]
[EventRounds "9"]
[EventCountry "RUS"]
[SourceTitle "EXT 2015"]
[Source "ChessBase"]
[SourceDate "2014.11.20"]
[SourceVersion "1"]
[SourceVersionDate "2014.11.20"]
[SourceQuality "1"]

1. e4 e5 2. Nf3 Nf6 3. Nxe5 d6 4. Nf3 Nxe4 5. d4 d5 6. Bd3 Nc6 7. c3 Bf5 8. 0-0 Be7 9. Re1 0-0 10. a3 Re8 11. c4 Bf6 12. cxd5 Qxd5 13. Bxe4 Rxe4 14. Nc3 Rxe1+ 15. Qxe1 Qc4 16. Be3 Bg4 17. Nd2 Qd3 18. h3 Bh5 19. Nb3 Nxd4 20. Nc5 Qc4 21. Bxd4 Bxd4 22. Nxb7 Qb3 23. Qe4 Qxb2 24. Re1 Bxf2+ 0-1